000 00431nam a2200157Ia 4500
005 20240606040150.0
008 240331s9999 xx 000 0 und d
082 _bGER
_a331.8
245 4 _aThe German trade union federation
260 _aDusseldorf
_bFederal Executive Board of the German Trade Union Federation
300 _a56 p .,
650 _aHistory
650 _aEmployment Law
700 _aStephan,G.
_eedt
942 _cL
999 _c2738
_d2738